000 00575nam a2200181Ia 4500
999 _c43017
_d43017
003 GCL
005 20240530103845.0
008 140319s9999 xx 000 0 ara d
040 _aGCL /
_cGCL
082 0 4 _a810.8
_bا ع
100 0 _4احمد تيمور باشا
245 1 0 _aعيوب المنطق ومحاسنه فى ثمار ما قرات /
_cاحمد تيمور باشا
300 _a277 ص
650 0 4 _aاللغة العربية
650 0 4 _aاللغة العربية - الالفاظ
650 0 4 _aاللغة العربية - المعاجم
942 _2ddc
_cBK